| 000 | 00530nam a22001577a 4500 | ||
|---|---|---|---|
| 999 |
_c528002 _d528002 |
||
| 082 | _a620.44 | ||
| 100 | _aTanveer, Muhammad | ||
| 245 |
_aAPPLICATION OF METAL OXIDE NANOFIBERS AND THIN FILMS IN P3HT BASED SOLAR DEVICES FOR EFFICIENCY IMPROVEMENT / _cMUHAMMAD TANVEER |
||
| 260 |
_aIslamabad: _bSCME - NUST, _c2013. |
||
| 300 |
_a166 p.: ill.; _c30cm. |
||
| 942 |
_2ddc _cTHE |
||
| 650 |
_aPh. D Thesis. _919288 |
||
| 700 |
_aDr. Amir Habib _919483 |
||